000 00701 a2200229 4500
502 _aThèse d'exercice
653 1 _aSciences agronomiques
100 _aAdité, Alphonse
245 _aDonnées préliminaires sur l'écologie et la production haleutique du complexe "lagunaire" Toho-Ahouangan sud-Bénin
300 _aXXII-157 p.
650 _aPRODUCTION HALEUTIQUE
650 _aCOMPOSITION DE LA CAPTURE
650 _aECOLOGIE D'EAU DOUCE
130 _lFr
710 _aAbomey-Calavi, Université nationale du Bénin, Faculté des Sciences Agronomiques, BJ
651 _aTOHO (Lac)
041 _bFr
041 _bEn
653 1 _aProduction animale
651 _aBENIN
999 _c30047
_d30047